000 00557nam a2200169 4500
001 93703
003 ES-MaACL
005 20250907063054.0
007 t|
008 050418s1915 ag ||||1| spa d
100 1 _aLópez de Gómara, Justo S.,
_d1859-1923
_973542
245 1 3 _aUn gran problema español en América
_b: vida política del emigrado. Su acción y trascendencia /
_cJusto S. López de Gómara.
260 _aBuenos Aires :
_b[s.n.],
_c1915.
300 _a40 p. ;
_c16 cm.
852 _aES-MaACL
_j1659-F-5
999 _c93703
_d93703